000 00284nam a22001337a 4500
008 170407b xxu||||| |||| 00| 0 eng d
020 _a0865774528
041 _aeng
080 _a616
100 _a9
101 _aSHM
245 _aDESCRIPTIVE PHONETICS
_cCALVERT
942 _2udc
_cBK
999 _c10238
_d10238